| 000 | 00499cam a2200217ua 4500 | ||
|---|---|---|---|
| 001 | 8776 | ||
| 005 | 20260515114357.0 | ||
| 008 | 150218n ii |||gr||||Z||||||eng | ||
| 020 | _a0195606159 | ||
| 040 | _cMAIN | ||
| 041 | _aeng | ||
| 082 | _a822.33 | ||
| 100 |
_aDent, J. C., _eEditor. |
||
| 245 |
_aTwelfth night _cEdited by J. C. Dent |
||
| 250 | _a4th. | ||
| 260 |
_aCalcutta: _bOxford, _c1995. |
||
| 300 | _a158p. | ||
| 653 | _aEnglish drama | ||
| 653 | _aShakespeare drama | ||
| 942 | _cBK | ||
| 999 |
_c7867 _d7867 |
||